British Prime Ministers by Picture - Statistics

General Stats
  • This quiz has been taken 107 times
  • The average score is 13 of 20
Answer Stats
Picture Answer % Correct
Boris Johnson
97%
Keir Starmer
95%
Margaret Thatcher
95%
Theresa May
93%
Liz Truss
92%
Rishi Sunak
91%
Tony Blair
90%
Gordon Brown
89%
John Major
85%
Harold Wilson
64%
Clement Attlee
62%
Arthur Wellesley, 1st Duke of Wellington
52%
Anthony Eden
49%
William Pitt the Younger
49%
Harold Macmillan
47%
Winston Churchill
47%
David Lloyd George
45%
Robert Walpole
39%
William Ewart Gladstone
36%
Robert Peel
27%
No matching quizzes found
Score Distribution
Percent of People with Each Score
Percentile by Number Answered
Your Score History
You have not taken this quiz